000 00915nam a22002417a 4500
008 081119t xxu||||| |||| 00| 0 eng d
010 _aENG-91682
020 _a9788184551037
_c695.00
035 _aEN-75215
037 _bDBAD / PUB
040 _adpl
_bEnglish
082 _a338.4791
245 _aTourism and hospitality in 21st century /
_cedited by Monika Srivastava
260 _aNew Delhi
_bOmega Publications
_c2008
270 _a4398/5, Ansari Road, Daryaganj,
_bNew Delhi
_e110002
300 _avi, 299p.
_c22cm (Hb)
500 _aIncludes bibliographical references and index
650 _aTourism.
650 _aHospitality industry.
700 _aSrivastava, Monika
942 _2ddc
_cEN
_mTOU
_h338.4791
999 _c18763
_d18763